Macunaíma : o herói sem nenhum carácter /

Shranjeno v:
Bibliografske podrobnosti
Glavni avtor: Andrade, Mário de 1893-1945
Drugi avtorji: Lopez, Telê Porto Ancona
Format: Knjiga
Jezik:Portuguese
Izdano: Argentina: ALLCA XX, 1988.
Izdaja:1. edición
Serija:Colección archivos 6
Teme:
Oznake: Označite
Brez oznak, prvi označite!

MARC

LEADER 00000nam a22000005b 4500
001 bimo0000647100
005 20150216042721.0
008 970715s1988 sp | |||| ||por
020 |a 8570280076 
040 |a SpMaBN  |b spa  |c SpMaBN  |d CRU CIICLA 
082 |a Br869.3  |b A553m P 
100 1 |a Andrade, Mário de  |d 1893-1945 
245 1 0 |a Macunaíma  |b : o herói sem nenhum carácter /  |c Mário de Andrade ; edição crítica, Telê Porto Ancona Lopez, coordenadora 
250 |a 1. edición 
260 |a Argentina:  |b ALLCA XX,  |c 1988. 
300 |a lxii, 480 páginas:  |b 1 retrato 
490 1 |a Colección archivos   |v 6 
500 |a Bibliografía: páginas 471-480. 
600 1 7 |a ANDRADE, MARIO DE  |t MACUNAIMA  |2 embne  |d 1893-1945 
650 1 4 |a LITERATURA BRASILEÑA  |v NOVELA 
700 1 |a Lopez, Telê Porto Ancona 
942 |2 ddc  |c BK 
956 |a 2 
999 |c 3910  |d 3910